Daňové a nedaňové výdavky
Frekventované okruhy daňových výdavkov - od cestovných náhrad, výdavkov na pracovné a sociálne podmienky, cez poistenie, povinné platby, spotrebu pohonných látok, zostatkovú cenu, manká a škody, reklamou a prenájmom majetku končiac. Cieľom je poskytnúť k vybraným výdavkom informácie v nadväznosti na...
Gespeichert in:
| 1. Verfasser: | |
|---|---|
| Format: | Buchkapitel |
| Sprache: | Serbisch |
| Schlagworte: | |
| Tags: |
Keine Tags, Fügen Sie das erste Tag hinzu!
|
MARC
| LEADER | 00000naa$a2200000$$$4500 | ||
|---|---|---|---|
| 001 | 0063301 | ||
| 005 | 20231114095702.1 | ||
| 041 | 0 | |a srp | |
| 044 | |a SK | ||
| 245 | 1 | 0 | |a Daňové a nedaňové výdavky |c Eva Markovičová |
| 520 | |a Frekventované okruhy daňových výdavkov - od cestovných náhrad, výdavkov na pracovné a sociálne podmienky, cez poistenie, povinné platby, spotrebu pohonných látok, zostatkovú cenu, manká a škody, reklamou a prenájmom majetku končiac. Cieľom je poskytnúť k vybraným výdavkom informácie v nadväznosti na súčasnú právnu úpravu v zákone o dani z príjmov a osobitné predpisy s množstvom praktických príkladov. | ||
| 610 | 2 | 0 | |a výdavky daňové |
| 610 | 2 | 0 | |a výdavky |
| 610 | 2 | 0 | |a dane z príjmov |
| 610 | 2 | 0 | |a zákony |
| 610 | 2 | 0 | |a predpisy |
| 100 | 1 | |a Markovičová, Eva | |